Normale Ansicht MARC-Ansicht ISBD

Tagebücher (Titelsatznr. 51826)

[ MARC ]
MARC-Details
000 -Satzkennung
Kontrollfeld mit fester Länge 00500nad a22001811nc4500
001 - Kontrollnummer
Kontrollfeld a987667918+Band2
003 - Kontrollnummer Identifier
Kontrollfeld RU-10907106
005 - Datum und Zeit der letzten Transaktion
Kontrollfeld 20221125124514.0
008 - Feld mit fester Länge zur physischen Beschreibung - Allgemeine Angaben
Kontrollfeld mit fester Länge 181120s2013 gw |||| 000u ger d
020 ## - Internationale Standardbuchnummer
Internationale Standardbuchnummer 9783835312678
Verknüpfung 978-3-8353-1267-8
035 ## - Systemkontrollnummer
System-Kontrollnummer a987667918
040 ## - Katalogisierungsquelle
Übertragungsstelle RU-10907106
Original-Katalogisierungsstelle RU-10907106
Katalogisierungssprache ger
245 00 - Titel
Titel Tagebücher
Zählung des Teils/der Abteilung eines Werkes Band 2
Titel eines Teils/einer Abteilung eines Werkes 1892-1897
--
264 #1 - Produktion, Veröffentlichung, Distribution, Herstellung und Urheberrechtsvermerk
Herstellungs-, Veröffentlichungs- Vertriebs-, Erzeugungsort Göttingen :
Produzent, Herausgeber, Distributor, Hersteller Wallstein Verlag,
Datum der Herstellung, der Veröffentlichung, des Vertriebs oder des Urheberschutzvermerks 2013
300 ## - Physische Beschreibung
Umfang 717 Seiten
773 08 - Übergeordnete Einheit
Datensatzkontrollnummer a987667918
Zählung und erste Seite Band2
942 ## - Zusätzliche Felder (Koha)
Koha-Medientyp Monographien
Klassifikation oder Aufstellungssystematik Andere/Generische Klassifikation
Exemplare
Ausgeschieden Verloren Klassifikation oder Aufstellungssystematik Beschädigt Nicht entleihbar Heimatbibliothek Aufenthaltsbibliothek Aufstellungsort Erwerbungsdatum Inventarnummer Signatur Barcode Letzte Aktivität Preis gültig von Koha-Medientyp
    Andere/Generische Klassifikation     MWN Osteuropa MWN Osteuropa Lesesaal - 1 20/11/2018 18-02408 D 44 v Pri 1 (2) E00401506CBE0457 29/09/2020 22/03/2021 Monographien